000 00606nam a2200253Ia 4500
005 20260121153824.0
008 008 260114s9999 xx 000 0 eng d
020 _a9781315649337
037 _aEBOOK
040 _aCRL
040 _beng
040 _cCRL
041 _2eng
041 _aeng
084 _qCRL
100 _aChristopher Goulding
_9999558
245 0 _aRomance Readers and Romance Writers
260 _bTaylor and Francis
260 _c2010
856 _uhttp://www.taylorfrancis.com/books/9781315649337
942 _cEBOOK
999 _c1566379
_d1566379